000 00507nam a22001697a 4500
003 OSt
005 20221012203534.0
008 221012b |||||||| |||| 00| 0 eng d
020 _a85-85298-07-3
040 _cBiblioteca Lado V
082 _a700.74
_bF981bi
110 _aFundacao Bienal de Sao Paulo
_eautor
245 _aXXIV Bienal de Sao Paulo/
260 _aBrasil
_bDados Internacionais de Catalogacao
_c1998
300 _a333p.
_c21x28cm
942 _2ddc
_c1
_h700.74
_iF981bi
_n0
999 _c2291
_d2291